| 000 | 00589nam a22001697a 4500 | ||
|---|---|---|---|
| 003 | NUST | ||
| 038 | _ausrat Nadeem | ||
| 082 | _a200 | ||
| 100 |
_aMalik, Ambreen _9123753 |
||
| 245 |
_aA COGNITIVE-APPRAISAL BASED MODEL OF CHANGE RECIPIENTS’ BEHAVIORAL RESPONSES TO A MAJOR ORGANIZATIONAL CHANGE/ _cAmbreen Malik |
||
| 264 |
_aIslamabad; _bNBS NUST; _c2024. |
||
| 300 |
_a172,p; _bill; _c30,cm. |
||
| 650 |
_aPhD-Business Administration _9123754 |
||
| 700 |
_aSupervisor: Dr. Naukhez Sarwar _9123755 |
||
| 856 | _uhttp://10.250.8.41:8080/xmlui/handle/123456789/44038 | ||
| 942 |
_2ddc _cSC |
||
| 999 |
_c609839 _d609839 |
||